01015nam a2200313 i 4500001001000000003000900010005001700019008004100036020001800077040004100095082002000136100002900156245006500185264004500250300004900295336002600344336003300370337002800403338002700431500003200458504004100490650002700531650004700558653001900605655001700624700003100641942001200672999001700684018931940EG-ScBUE20230409113615.0180615s2018 enka f b 000 0 eng d a9781350094833 aStDuBDSbengerdacStDuBDSdEG-ScBUE04a746.92222bRIS1 aRissanen, Timo,eauthor.10aZero waste fashion design /cTimo Rissanen, Holly McQuillan. 1aLondon :bBloomsbury Visual Arts,c2018. a223 pages :billustrations (colour) ;c27 cm atext2rdacontentbtxt astill image2rdacontentbtxt aunmediated2rdamediabn avolume2rdacarrierbnc aOriginally published: 2016. aIncludes bibliographical references. 7aFashion design.2BUEsh 7aClothing tradexWaste minimization.2BUEsh bARTcApril2023 vReading book1 aMcQuillan, Holly,eauthor. 2ddccBB c30299d30270